000
00304 a2200133 4500
000
nam a22 7a 4500
100
_a
Yashwanth Kumar
110
_a
Yashwanth Kumar
245
_a
Industrial Microbiology
250
_a
latest edition
260
_b
RBSA
_c
2026
264
_b
RBSA
_c
2026
942
_c
BK
999
_c
395225
_d
395225